ON CALL PEDIATRICS (Record no. 4030)

MARC details
000 -LEADER
fixed length control field 00339nam a2200145Ia 4500
008 - FIXED-LENGTH DATA ELEMENTS--GENERAL INFORMATION
fixed length control field 150201s1997 xx 000 0 und d
082 ## - DEWEY DECIMAL CLASSIFICATION NUMBER
Classification number 618.92
Item number O1997L
100 ## - MAIN ENTRY--PERSONAL NAME
Personal name LEWS, DAVID
245 ## - TITLE STATEMENT
Title ON CALL PEDIATRICS
250 ## - EDITION STATEMENT
Edition statement 1ST
260 ## - PUBLICATION, DISTRIBUTION, ETC. (IMPRINT)
Name of publisher, distributor, etc. SAUNDERS
Place of publication, distribution, etc. PHILADELPHIA
Date of publication, distribution, etc. 1997
300 ## - PHYSICAL DESCRIPTION
Extent 1-417
650 ## - SUBJECT ADDED ENTRY--TOPICAL TERM
Topical term or geographic name as entry element PEDODONTICS
942 ## - ADDED ENTRY ELEMENTS (KOHA)
Source of classification or shelving scheme Dewey Decimal Classification
Koha item type Books
Holdings
Withdrawn status Lost status Source of classification or shelving scheme Damaged status Not for loan Home library Current library Date acquired Source of acquisition Cost, normal purchase price Serial Enumeration / chronology SGTU Bill Number Total Checkouts Full call number Barcode Date last seen Bill Date Koha item type
    Dewey Decimal Classification     SGT Dental Library SGT Dental Library 10/06/2008 U.B.S.DELHI 180.00 1 SGTU 1023   618.92 O1997L FD5248 09/02/2015 24/01/2013 Books
    Dewey Decimal Classification     SGT Dental Library SGT Dental Library 10/06/2008 U.B.S.DELHI 180.00 1 SGTU 1023   618.92 O1997L FD5249 09/02/2015 24/01/2013 Books
    Dewey Decimal Classification     SGT Dental Library SGT Dental Library 10/06/2008 U.B.S.DELHI 180.00 1 SGTU 1023   618.92 O1997L FD5250 09/02/2015 24/01/2013 Books